| 000 | 00483 a2200181 4500 | ||
|---|---|---|---|
| 001 | 84542 | ||
| 020 | _a9780471758012 | ||
| 082 | _a530 RES | ||
| 090 |
_c40072 _d40071 |
||
| 100 | _aHalliday Resnick : Jearl Walker | ||
| 245 |
_aFundamentals of Physics 8th /Ed _cHalliday Resnick : Jearl Walker _hEnglish |
||
| 250 | _a8th | ||
| 260 |
_aUSA _bJohn Wiley and Sons _c2008 |
||
| 300 | _axxii 1300 p | ||
| 500 | _aDOS BS Textbooks | ||
| 505 | _aGifted Books | ||
| 600 | _aPhysics | ||
| 942 |
_aCAENUST _k530 RES _cBS |
||
| 999 |
_c319615 _d319615 |
||